| 000 | 00663nam a2200229 i 4500 | ||
|---|---|---|---|
| 001 | bg | ||
| 100 | 1 | _aGURGUL, Stanisław | |
| 245 | 1 | 0 |
_aPrawo upadłościowe i układowe : _bkomentarz / _cStanisław Gurgul. |
| 250 | _aWyd.2. | ||
| 260 |
_aWarszawa : _bC.H.Beck, _c2001. |
||
| 300 |
_aXX, 944 s. ; _c23 cm. |
||
| 504 | _aBibliogr., akty prawne. - Indeks. | ||
| 650 | 9 |
_aPrawo układowe _zPolska _ystan na 2000 r. |
|
| 650 | 9 |
_aUpadłość _xprawo _zPolska _ystan na 2000 r. |
|
| 020 | _a837247107X | ||
| 040 | _cBPK | ||
| 041 | 0 | _apl | |
| 080 | _a347.736/.739(438) | ||
| 920 | _a83-7247-107-X | ||
| 942 | _cKS | ||
| 008 | s pl f |000 0 pol | ||
| 999 |
_c40030 _d40030 |
||
| 856 |
_uhttp://koha.tu.koszalin.pl/cgi-bin/koha/opac-detail.pl?biblionumber=40030 _yKatalog online BPK |
||